000 00478nam a2200169Ia 4500
008 220803s9999 xx 000 0 und d
020 _a978-0-7619-3633-6
041 _aeng
082 _a711.7 SUT/MIS
100 _aSutheeshna B S Ed.
_922880
245 _aTourism Development Revisited : Concepts Issues And Paradigms
260 _aNew Delhi
_bSage Publiation
_c2008
300 _a363p
500 _aArchitecture
650 _aTourism
_922881
700 _aMishra S Ed.
_922882
999 _c14752
_d14752